000 00735nam a2200265 i 4500
001 C2-0282185
003 PPAK
005 20180728012615.0
008 071001s2006 my a|||| ||||| | may d
020 _a9833004989
040 _aPPAK
_beng
_cPPAK
_erda
082 0 4 _a499.2386
_223
090 0 0 _a499.2386
_bDOD
_dK
100 1 _aDodson, Anita Ruth,
_eauthor
245 1 0 _aPeter yang tamak
264 1 _aSubang Jaya, Selangor :
_bFuture Text Publications ,
_c2006
300 _a14 pages :
_bcolour illustrations ;
_c19 cm
336 _2rdacontent
_atext
337 _2rdamedia
_aunmediated
338 _2rdacarrier
_avolume
490 1 _asiri moral puisi
650 1 0 _aReaders.
830 0 _asiri moral puisi
942 _ddc
_cB
999 _c88466
_d88466